00307nam a2200097Ia 4500008004000000082001300040100003100053245006900084260004800153300000800201210210b1990 xxu||||| |||| 00| 0 eng d a025 KHAC aKHAN (H A) and IJARI (S R) aCurrent problems and trends in library and information services. aVaranasibIndian Bibliographic Centrec1990 a370